TRAINING course on statistical analysis using SPSS for foresters, 23-27 September 2002

Bibliographic Details
Format: Book
Published: Kuala Lumpur : Forestry Department Peninsular Malaysia , 2002
Subjects:

MARC

LEADER 00000cam a2200000 7i4500
001 0000003047
005 20040413.0
090 0 0 |a NK 519.5   |b TRA 2002 
245 0 0 |a TRAINING course on statistical analysis using SPSS for foresters, 23-27 September 2002 
260 0 0 |a Kuala Lumpur :   |b Forestry Department Peninsular Malaysia ,   |c 2002 
300 |a Various pagings ;   |c 30 cm. 
650 0 0 |a Forests and forestry   |x Statistical methods 
998 |a JPSM 
999 |a 0000004870   |b Monograph   |c Open Shelf   |e Default branch